| 000 | 00461nam a22001337a 4500 | ||
|---|---|---|---|
| 040 | _cNUST | ||
| 082 | _a200 THE | ||
| 100 |
_aNouman Ejaz _9101741 |
||
| 110 |
_aSupervisor Dr. Taimoor Zahid _9101742 |
||
| 245 | _aTH-SOF-2085-Catalogue of Invisibility As a Non-Functional Requirement and Its Co-Relation With Other Non-Functional Requirements | ||
| 260 |
_aISLAMABAD: _bNUST COLLEGE OF EME, _c2022. |
||
| 650 | _aMS-COMPUTER ENGINEERING-18 | ||
| 942 |
_2ddc _cTHE |
||
| 999 |
_c592098 _d592098 |
||